|
|
|
|
| LEADER |
01000naa a2200265 c 4500 |
| 001 |
1837816921 |
| 003 |
DE-627 |
| 005 |
20230301112246.0 |
| 007 |
tu |
| 008 |
230301s2010 xx ||||| 00| ||ger c |
| 035 |
|
|
|a (DE-627)1837816921
|
| 035 |
|
|
|a (DE-599)KXP1837816921
|
| 040 |
|
|
|a DE-627
|b ger
|c DE-627
|e rda
|
| 041 |
|
|
|a ger
|
| 100 |
1 |
|
|a Fleischer, Dirk
|d 1955-
|e verfasserin
|0 (DE-588)140158332
|0 (DE-627)616451989
|0 (DE-576)314835350
|4 aut
|
| 245 |
1 |
0 |
|a Semler, Johann Salomo
|c Dirk Fleischer
|
| 264 |
|
1 |
|c 2010
|
| 336 |
|
|
|a Text
|b txt
|2 rdacontent
|
| 337 |
|
|
|a ohne Hilfsmittel zu benutzen
|b n
|2 rdamedia
|
| 338 |
|
|
|a Band
|b nc
|2 rdacarrier
|
| 773 |
0 |
8 |
|i Enthalten in
|t Neue deutsche Biographie ; Bd. 24: Schwarz - Stader
|d Berlin : Duncker & Humblot, 2010
|g (2010), Seite 236-237
|h XXIV, 796 Seiten
|w (DE-627)617994749
|w (DE-576)9617994747
|z 3428112059
|z 3428112938
|z 9783428112050
|z 9783428112937
|7 nnam
|
| 773 |
1 |
8 |
|g year:2010
|g pages:236-237
|
| 912 |
|
|
|a GBV_USEFLAG_U
|
| 912 |
|
|
|a GBV_ILN_289
|
| 912 |
|
|
|a SYSFLAG_1
|
| 912 |
|
|
|a GBV_KXP
|
| 912 |
|
|
|a GBV_ILN_11
|
| 912 |
|
|
|a GBV_ILN_20
|
| 912 |
|
|
|a GBV_ILN_21
|
| 912 |
|
|
|a GBV_ILN_22
|
| 912 |
|
|
|a GBV_ILN_23
|
| 912 |
|
|
|a GBV_ILN_24
|
| 912 |
|
|
|a GBV_ILN_26
|
| 912 |
|
|
|a GBV_ILN_30
|
| 912 |
|
|
|a GBV_ILN_31
|
| 912 |
|
|
|a GBV_ILN_32
|
| 912 |
|
|
|a GBV_ILN_34
|
| 912 |
|
|
|a GBV_ILN_39
|
| 912 |
|
|
|a GBV_ILN_40
|
| 912 |
|
|
|a GBV_ILN_50
|
| 912 |
|
|
|a GBV_ILN_60
|
| 912 |
|
|
|a GBV_ILN_61
|
| 912 |
|
|
|a GBV_ILN_62
|
| 912 |
|
|
|a GBV_ILN_64
|
| 912 |
|
|
|a GBV_ILN_65
|
| 912 |
|
|
|a GBV_ILN_69
|
| 912 |
|
|
|a GBV_ILN_70
|
| 912 |
|
|
|a GBV_ILN_72
|
| 912 |
|
|
|a GBV_ILN_74
|
| 912 |
|
|
|a GBV_ILN_78
|
| 912 |
|
|
|a GBV_ILN_92
|
| 912 |
|
|
|a GBV_ILN_105
|
| 912 |
|
|
|a GBV_ILN_110
|
| 912 |
|
|
|a GBV_ILN_113
|
| 912 |
|
|
|a GBV_ILN_119
|
| 912 |
|
|
|a GBV_ILN_120
|
| 912 |
|
|
|a GBV_ILN_121
|
| 912 |
|
|
|a GBV_ILN_123
|
| 912 |
|
|
|a GBV_ILN_130
|
| 912 |
|
|
|a GBV_ILN_147
|
| 912 |
|
|
|a GBV_ILN_162
|
| 912 |
|
|
|a GBV_ILN_171
|
| 912 |
|
|
|a GBV_ILN_176
|
| 912 |
|
|
|a GBV_ILN_179
|
| 912 |
|
|
|a GBV_ILN_181
|
| 912 |
|
|
|a GBV_ILN_192
|
| 912 |
|
|
|a GBV_ILN_203
|
| 912 |
|
|
|a GBV_ILN_204
|
| 912 |
|
|
|a GBV_ILN_217
|
| 912 |
|
|
|a GBV_ILN_227
|
| 912 |
|
|
|a GBV_ILN_230
|
| 912 |
|
|
|a GBV_ILN_235
|
| 912 |
|
|
|a GBV_ILN_240
|
| 912 |
|
|
|a GBV_ILN_244
|
| 912 |
|
|
|a GBV_ILN_255
|
| 912 |
|
|
|a GBV_ILN_278
|
| 912 |
|
|
|a GBV_ILN_285
|
| 912 |
|
|
|a GBV_ILN_294
|
| 912 |
|
|
|a GBV_ILN_340
|
| 912 |
|
|
|a GBV_ILN_350
|
| 912 |
|
|
|a GBV_ILN_352
|
| 912 |
|
|
|a GBV_ILN_365
|
| 912 |
|
|
|a GBV_ILN_379
|
| 912 |
|
|
|a GBV_ILN_640
|
| 912 |
|
|
|a GBV_ILN_665
|
| 912 |
|
|
|a GBV_ILN_666
|
| 912 |
|
|
|a GBV_ILN_677
|
| 912 |
|
|
|a GBV_ILN_688
|
| 912 |
|
|
|a GBV_ILN_692
|
| 912 |
|
|
|a GBV_ILN_694
|
| 912 |
|
|
|a GBV_ILN_697
|
| 912 |
|
|
|a GBV_ILN_702
|
| 912 |
|
|
|a GBV_ILN_722
|
| 912 |
|
|
|a GBV_ILN_723
|
| 912 |
|
|
|a GBV_ILN_737
|
| 912 |
|
|
|a GBV_ILN_754
|
| 912 |
|
|
|a GBV_ILN_791
|
| 912 |
|
|
|a GBV_ILN_807
|
| 912 |
|
|
|a GBV_ILN_902
|
| 912 |
|
|
|a GBV_ILN_1018
|
| 912 |
|
|
|a GBV_ILN_1121
|
| 912 |
|
|
|a GBV_ILN_2019
|
| 912 |
|
|
|a GBV_ILN_2056
|
| 912 |
|
|
|a GBV_ILN_2508
|
| 912 |
|
|
|a GBV_ILN_2527
|
| 951 |
|
|
|a AR
|
| 952 |
|
|
|j 2010
|h 236-237
|
| 980 |
|
|
|2 289
|1 01
|x 3289
|b 428199100X
|y x
|z 01-03-23
|
| 982 |
|
|
|2 289
|1 00
|x 3289
|8 01
|s p
|0 (DE-627)067485235
|a Semler, Johann Salomo
|
| 983 |
|
|
|2 289
|1 00
|x 3289
|8 00
|a rx
|
| 983 |
|
|
|2 289
|1 00
|x 3289
|8 02
|0 (DE-627)067525601
|a 992000
|
| 983 |
|
|
|2 289
|1 01
|x 3289
|8 99
|a j2010
|